POBLES D'OSONA - Statistics

General Stats
  • This quiz has been taken 55 times
    11 since last reset
  • The average score is 20 of 44
Answer Stats
INCIAL MUNICIPI % Correct
T Tona
100%
C Centelles
89%
T Torelló
89%
V Vic
89%
M les Masies de Voltregà
78%
S Sant Hipòlit de Voltregà
78%
B Balenyà
67%
F Folgueroles
67%
G Gurb
67%
E l'Esquirol
67%
M Manlleu
67%
S Seva
67%
T Taradell
67%
V Viladrau
67%
M Muntanyola
56%
R Roda de Ter
56%
S Santa Eulàlia de Riuprimer
56%
S Sant Bartomeu del Grau
56%
S Santa Eugènia de Berga
44%
S Sant Vicenç de Torelló
44%
C Calldetenes
33%
B el Brull
33%
E Espinelves
33%
M Malla
33%
R Rupit i Pruit
33%
S Santa Cecília de Voltregà
33%
S Sant Julià de Vilatorta
33%
S Sant Martí de Centelles
33%
S Sant Pere de Torelló
33%
S Sant Sadurní d'Osormort
33%
T Tavernòles
33%
T Tavertet
33%
V Vidrà
33%
A Aiguafreda
22%
M les Masies de Roda
22%
O Orís
22%
P Perafita
22%
S Sant Agustí de Lluçanès
22%
S Sant Quirze de Besora
22%
M Montesquiu
11%
S Santa Maria de Besora
11%
S Sant Boi de Lluçanès
11%
S Sora
11%
V Vilanova de Sau
11%
No matching quizzes found
Score Distribution
Percent of People with Each Score
Percentile by Number Answered
Your Score History
You have not taken this quiz since the last reset